[Event "GER-ch U18 Girls"]
[Site "Willingen"]
[Date "2018.05.23"]
[Round "5"]
[White "Mylke, Sandy Michelle"]
[Black "Schmidt, Aliyah Renee"]
[Result "1-0"]
[WhiteElo "1311"]
[BlackElo "1253"]
[PlyCount "71"]
[EventDate "2018.05.19"]
[EventType "swiss"]
[EventRounds "9"]
[EventCountry "GER"]
[SourceTitle "CBM 184 Extra"]
[Source "ChessBase"]
[SourceDate "2018.06.28"]
[SourceVersion "1"]
[SourceVersionDate "2018.06.28"]
[SourceQuality "1"]

1. d4 d5 2. Bf4 Nf6 3. e3 e6 4. Nf3 Be7 5. Bd3 b6 6. Nbd2 0-0 7. 0-0 c5 8. c3 Ba6 9. Ne5 Bxd3 10. Nxd3 Nbd7 11. Nf3 Nh5 12. Bg3 Nxg3 13. hxg3 Rc8 14. Re1 cxd4 15. exd4 Bd6 16. Nde5 Nxe5 17. dxe5 Be7 18. Qd2 Qd7 19. Rac1 b5 20. b3 a5 21. Qd3 Rc7 22. Nd4 Rb8 23. f4 b4 24. Kf2 bxc3 25. Rh1 g6 26. g4 Kg7 27. Qh3 Rh8 28. f5 Bg5 29. Rc2 exf5 30. gxf5 h6 31. Rxc3 Rxc3 32. f6+ Kg8 33. Qxd7 h5 34. Qe8+ Kh7 35. Qxf7+ Kh6 36. Qg7# 1-0

[Event "GER-ch U18 Girls"]
[Site "Willingen"]
[Date "2018.05.21"]
[Round "3"]
[White "Koenig, Emmilie"]
[Black "Mylke, Sandy Michelle"]
[Result "1/2-1/2"]
[WhiteElo "1195"]
[BlackElo "1311"]
[PlyCount "99"]
[EventDate "2018.05.19"]
[EventType "swiss"]
[EventRounds "9"]
[EventCountry "GER"]
[SourceTitle "CBM 184 Extra"]
[Source "ChessBase"]
[SourceDate "2018.06.28"]
[SourceVersion "1"]
[SourceVersionDate "2018.06.28"]
[SourceQuality "1"]

1. d4 d5 2. Bf4 e6 3. e3 Bd6 4. Bg3 Nf6 5. Nd2 Ne4 6. Nxe4 dxe4 7. Qg4 0-0 8. Qxe4 Bd7 9. Qxb7 Bc6 10. Qb3 Nd7 11. Rb1 Rb8 12. Qc3 Bb4 13. Ne2 Bxc3+ 14. Nxc3 Nf6 15. Bd3 Bxg2 16. Rg1 Bc6 17. Bf4 Re8 18. Bh6 g6 19. Bg5 Kg7 20. Be4 Qd7 21. Bxf6+ Kxf6 22. Bd3 e5 23. dxe5+ Rxe5 24. b3 Kg7 25. Rd1 Qh3 26. Rg3 Qxh2 27. Bf1 Rf5 28. Rd2 Re8 29. Nd1 Bf3 30. Rh3 Qf4 31. Be2 Bg2 32. exf4 Bxh3 33. Rd3 Bg4 34. f3 Bh3 35. Kf2 Rh5 36. Ne3 Bc8 37. Rc3 Re7 38. Kg1 f5 39. a4 g5 40. Bf1 gxf4 41. Nd5 Rg5+ 42. Kf2 Rd7 43. Nxc7 Rd2+ 44. Ke1 Rh2 45. Ne8+ Kh8 46. Rxc8 Rg8 47. c3 Rh6 48. Bc4 Rh1+ 49. Kf2 Rh2+ 50. Kf1 1/2-1/2

[Event "GER-chT U20 Girls"]
[Site "Duesseldorf"]
[Date "2017.12.29"]
[Round "5.4"]
[White "Fuchs, Joline"]
[Black "Mylke, Sandy Michelle"]
[Result "1-0"]
[WhiteElo "1369"]
[BlackElo "1350"]
[PlyCount "87"]
[EventDate "2017.12.26"]
[EventType "team-swiss"]
[EventRounds "7"]
[EventCountry "GER"]
[SourceTitle "CBM 182 Extra"]
[Source "ChessBase"]
[SourceDate "2018.02.23"]
[SourceVersion "1"]
[SourceVersionDate "2018.02.23"]
[SourceQuality "1"]
[WhiteTeam "Chemnitz USG"]
[BlackTeam "Leegebruch"]
[WhiteTeamCountry "GER"]
[BlackTeamCountry "GER"]

1. g3 d5 2. Bg2 e5 3. c4 c6 4. cxd5 cxd5 5. d3 Nc6 6. Nf3 Bc5 7. Nc3 Nge7 8. 0-0 0-0 9. b3 Bf5 10. Bb2 Qd7 11. e4 Bg4 12. Qc1 Nb4 13. Nxe5 Qe6 14. Nxg4 Qxg4 15. Rd1 Rac8 16. Qd2 Rfd8 17. Na4 b6 18. a3 Nbc6 19. Nxc5 bxc5 20. Rab1 Nd4 21. h3 Nf3+ 22. Bxf3 Qxf3 23. Qg5 f6 24. Qg4 dxe4 25. Qe6+ Kf8 26. Qxe4 Qxe4 27. dxe4 Nc6 28. Rbc1 Ne5 29. Rxd8+ Rxd8 30. Bxe5 fxe5 31. Rxc5 Rd1+ 32. Kg2 Ra1 33. Rc8+ Kf7 34. Rc7+ Kg6 35. Rxa7 Kf6 36. a4 Ke6 37. Rxg7 Ra3 38. Rxh7 Rxb3 39. a5 Ra3 40. Rh6+ Kd7 41. a6 Kc7 42. Rh7+ Kb6 43. a7 Rxa7 44. Rxa7 1-0